000 02118nam a2200229Ia 4500
003 OSt
005 20210805111940.0
008 210310s1983 ck ad fr 000 0dspa d
040 _aCO-JMCR
_cCO-JMCR
041 0 _aspa
082 0 4 _a332.49861
_bC976m
_223
100 1 _aCurrie, Lauchlin Bernard,
_94251
_eautor
245 1 0 _aMoneda en Colombia :
_bcomportamiento y control /
_cLauchlin Currie
260 _aBogotá :
_bFondo Cultural Cafetero,
_c1983
300 _a171 páginas :
_bilustraciones y gráficas a blanco y negro ;
_c23 cm.
500 _aIncluye notas a pie de página y datos biográficos del autor.
505 0 _aMoneda y crédito -- El origen y la oferta del dinero en Colombia -- El control del dinero en Colombia -- Moneda, crédito y banca -- La demanda de dinero y la velocidad ingreso de la moneda en Colombia 1960-1980 -- Los vínculos entre el dinero y su valor -- La interrelación de la inflación monetaria y de costos -- Como presentar e interpretar las estadísticas monetarias -- La estacionalidad, la composición y el volumen de la moneda -- Un episodio instructivo en la historia monetaria -- Posibles reformas y modificaciones
520 3 _aResultado de cuidadosas observaciones realizadas por el profesor Currie sobre los movimientos semanales en la cantidad de dinero durante su desempeño como Asesor de Planeación Nacional en materia de política monetaria, este libro ofrece una visión actualizada de los procesos monetarios en Colombia, incluyendo, entre otros aspectos, el origen y la oferta del dinero, la demanda de dinero y la velocidad ingreso, los vínculos entre el dinero y la interrelación de la inflación monetaria y de costos. Estos afectan a toda la comunidad y sin embargo, anota el autor, son conocidos por muy pocos, de lo cual resulta una relativa incapacidad para las políticas monetarias. Esta obra es un intento para que un mayor numero de personas, especialmente estudiantes, entiendan una de las fuerzas que direccionan la vida económica.
650 1 4 _aMoneda
_916683
_zColombia
650 2 4 _aPolítica monetaria
_zColombia
_96926
942 _2ddc
_cBK
999 _c8227
_d8227